Kau yang tercinta

Bibliographic Details
Main Author: Nor Rafishah Md.Hassan
Format: Book
Published: kuala Lumpur : NHF Media , 2007
Subjects:

MARC

LEADER 00000cam a2200000 7i4500
001 0000021260
005 20080312.0
008 071205
020 |a 9789833880041 
040 |a INS 
090 0 0 |a PL5136   |b N67 2007 
100 0 |a Nor Rafishah Md.Hassan 
245 1 0 |a Kau yang tercinta   |c Nor Rafishah Md.Hassan 
260 |a kuala Lumpur :   |b NHF Media ,   |c 2007 
300 |a 656ms. ;   |c 18cm. 
650 0 0 |a Malay fiction 
999 |a 0000019736   |b BOOK   |c Open Shelf   |e Default branch